Statistics for Least Trusted Countries in Europe

Click here to take the quiz!

General Stats

  • This quiz has been taken 103 times
  • The average score is 6 of 10

Answer Stats

Answer% Correct
United Kingdom
92%
Greece
74%
Romania
70%
Serbia
69%
Cyprus
67%
Hungary
67%
Macedonia
54%
Slovenia
54%
Montenegro
51%
Malta
47%

Score Distribution

Percentile by Number Answered

Percent of People with Each Score

Your Score History

You have not taken this quiz